Derechos en el trabajo /
| Autor Corporativo: | |
|---|---|
| Formato: | Libro |
| Idioma: | Lingua castelá |
| Publicado: |
San José, Costa Rica :
INAMU,
2000
|
| Subjects: |
MARC
| LEADER | 00000nam a2200000Ia 4500 | ||
|---|---|---|---|
| 008 | 170712b2000 cr ||||| |||| 00| | spa d | ||
| 999 | |c 789 |d 789 | ||
| 020 | |a 9968250163 | ||
| 090 | |a 04.01.02 |b 1300 | ||
| 110 | 2 | |a Instituto Nacional de las Mujeres |9 1766 | |
| 245 | 1 | 0 | |a Derechos en el trabajo / |c Instituto Nacional de las Mujeres |
| 260 | |a San José, Costa Rica : |b INAMU, |c 2000 | ||
| 300 | |a 32 páginas | ||
| 650 | 1 | 4 | |9 5 |a ADOLESCENTES |
| 650 | 1 | 4 | |a TRABAJO |9 886 |
| 650 | 1 | 4 | |a DERECHOS DE LA MUJER |9 84 |
| 650 | 1 | 4 | |a LEGISLACIÓN |9 45 |
| 942 | |i 002072 |h 04.01.02 1300 |2 z |c 01 | ||
